[Event "Arandjelovac ASK-4 FM"]
[Site "Arandjelovac"]
[Date "2021.12.23"]
[Round "5"]
[White "Gargili, Kemal"]
[Black "Ivovic, Branislav"]
[Result "1/2-1/2"]
[WhiteElo "1327"]
[BlackElo "1951"]
[PlyCount "22"]
[EventDate "2021.12.19"]
[EventType "tourn"]
[EventRounds "6"]
[EventCountry "SRB"]
[SourceTitle "EXT 2023"]
[Source "ChessBase"]
[SourceDate "2022.10.05"]
[SourceVersion "1"]
[SourceVersionDate "2022.10.05"]
[SourceQuality "1"]

1. e4 c5 2. Nf3 g6 3. d4 cxd4 4. Nxd4 Bg7 5. Be3 Nc6 6. Bc4 d6 7. Nc3 Nf6 8. f3 0-0 9. Qd2 Bd7 10. 0-0-0 Ne5 11. Bb3 Rc8 1/2-1/2